LEADER 01834nam0 22003733i 450 001 RAV0056610 005 20251003044320.0 100 $a19890724d1984 ||||0itac50 ba 101 | $aita 102 $ait 181 1$6z01$ai $bxxxe 182 1$6z01$an 200 1 $aSociologia del lavoro e dell'organizzazione$eatti della sezione lavoro e organizzazione del 1. Convegno italiano di sociologia "Consenso e conflitto nella societa contemporanea"$eRoma, 15-18 ottobre 1981$fa cura di Domenico De Masi e Adriana Signorelli 210 $a[Milano]$cAngeli$dİ1984 215 $a462 p.$d22 cm. 225 | $aCollana di sociologia$v68 410 0$1001CFI0151987$12001 $aCollana di sociologia$v68 606 $aSociologia$2FIR$3CFIC000470$9E 676 $a301$9SOCIOLOGIA E ANTROPOLOGIA$v23 676 $a306.36$9CULTURA E ISTITUZIONI. Sistemi di lavoro$v20 696 $aAspetti sociali$aAspetti socio-culturali 699 $aSociologia$zAspetti sociali 699 $aSociologia$zAspetti socio-culturali 702 1$aDe Masi$b, Domenico$f <1938-2023>$3CFIV014915 702 1$aSignorelli$b, Adriana$3RAVV028831 710 12$aConvegno italiano di sociologia$d <1.$f ; 1981$e ; Roma>$3RAVV023965$4070$0425668 801 3$aIT$bIT-000000$c19890724 850 $aIT-BN0095 901 $bNAP 01$cPOZZO LIB.$nVi sono collocati fondi di economia, periodici di ingegneria e scienze, periodici di economia e statistica e altri fondi comprendenti documenti di economia pervenuti in dono. 912 $aRAV0056610 950 0$aBiblioteca Centralizzata di Ateneo$c1 v.$d 01POZZO LIB.F. SANTI 7$e 0101 0060028975E VMA 1 v. (Precedente collocazione S 59)$fB $h20221103$i20221103 977 $a 01 996 $aSociologia del lavoro e dell'organizzazione$9884339 997 $aUNISANNIO